00772nam a2200217 i 4500003000900000005001700009007000300026008004100029020001800070040003000088082001300118100003600131245008500167264003900252300005300291336002700344337003400371338002800405500007300433700004800506DO-SdBNP20240618111756.0ta240618s2024 dr ac 000 j spa d a9789945645416 aDO-SdBNPbspacBNPHUerda bN964222 aNúñez, Graced1947-eautora10aCuentos y poesías /cGrace Núñez ; prólogo Emenegilda Encarnación Mora 1aSanto Domingo :bSantuario,c2024. a42 páginas, bilustraciones, retratosc23 cm. 2rdacontentatextobtxt 2rdamediaasin mediación bn 2rdacarrieravolumenbnc aIncluye datos biografícos de la autora en la solapa de la portada.1 aEncarnación Mora, Emenegilda eprólogo